000 00461nam a22001217a 4500
008 101110t xxu||||| |||| 00| 0 eng d
245 _aLife atlas:
_bpictorial of the world.
260 _aNew York
_bTime incorporated
_c1961
300 _a600 p.
_c30 cm.
700 _aEspenshade,Edward
942 _2lcc
_cBK
999 _c37560
_d37560